000 00496nam a22001697a 4500
999 _c8494
_d8494
008 201125b ||||| |||| 00| 0 eng d
040 _aBMS College of Architecture
100 _aYadav, Vanshika
245 _aArtist's hub
300 _aNA
500 _a1BM14AT113
502 _8B,Arch
_NBMS College of Architecture Visvesvaraya Technological University (VTU)
_aProject report
_d2018
650 _aNA
700 _aShilpa Shirish
_eGuide
700 _aSayee Deodhar
_eGuide
942 _2ddc
_cTHE